The elements of law, natural and politic : part I, Human nature, part II, De corpore politico ; with Three lives /
Na minha lista:
| Autor principal: | |
|---|---|
| Outros Autores: | , |
| Formato: | Livro |
| Idioma: | inglês latim |
| Publicado em: |
Oxford ; New York :
Oxford University Press,
2008.
|
| Colecção: | Oxford world's classics
|
| Assuntos: | |
| Tags: |
Adicionar Tag
Sem tags, seja o primeiro a adicionar uma tag!
|
MARC
| LEADER | 00000cam a22000004a 4500 | ||
|---|---|---|---|
| 001 | 15425395 | ||
| 003 | MU | ||
| 005 | 20220914091638.0 | ||
| 008 | 080823r20081650enk b 000 0 eng | ||
| 010 | |a 2008276167 | ||
| 020 | |a 9780199549702 (pbk.) |c Tzs 31,080/= | ||
| 040 | |a MUL |c MUL | ||
| 041 | 0 | |a eng |a lat | |
| 050 | 0 | 0 | |a JC153 |b .H55 2008 |
| 082 | |2 22 |a 320.5 HOB |b 1 | ||
| 100 | 1 | |a Hobbes, Thomas, |d 1588-1679. | |
| 240 | 1 | 0 | |a Human nature |
| 245 | 1 | 4 | |a The elements of law, natural and politic : |b part I, Human nature, part II, De corpore politico ; with Three lives / |c Thomas Hobbes ; edited with an introduction and notes by J.C.A. Gaskin. |
| 260 | |a Oxford ; |a New York : |b Oxford University Press, |c 2008. | ||
| 300 | |a lv, 284 p. : |c 20 cm. | ||
| 490 | 0 | |a Oxford world's classics | |
| 500 | |a This work was originally published in 1650 as two separate books, Human nature, and De corpore politico. | ||
| 650 | 0 | |a Natural law. | |
| 650 | 0 | |a Political science |v Early works to 1800. | |
| 700 | 1 | 2 | |a Hobbes, Thomas, |d 1588-1679. |t Corpore politico. |
| 700 | 1 | 2 | |a Aubrey, John, |d 1626-1697. |t Brief lives. |k Selections. |
| 700 | 1 | |a Gaskin, J. C. A. |q (John Charles Addison) | |
| 906 | |a 7 |b cbc |c origcop |d 2 |e ncip |f 20 |g y-gencatlg | ||
| 942 | |2 ddc |c BK |n 0 | ||
| 999 | |c 434 |d 434 | ||